Дегазация угольных пластов многофункциональными разведочно-дегазационными скважинами; Вестник Российской академии естественных наук (Западно-Сибирское отделение); № 21
| Parent link: | Вестник Российской академии естественных наук (Западно-Сибирское отделение)/ Сибирский государственный индустриальный университет (СибГИУ).— , 2008- № 21.— 2018.— [С. 45-49] |
|---|---|
| Main Author: | |
| Corporate Author: | |
| Other Authors: | |
| Summary: | Заглавие с экрана Режим доступа: по договору с организацией-держателем ресурса |
| Language: | Russian |
| Published: |
2018
|
| Series: | Геотехнология и геомеханика |
| Subjects: | |
| Online Access: | https://elibrary.ru/item.asp?id=36551296 |
| Format: | MixedMaterials Electronic Book Chapter |
| KOHA link: | https://koha.lib.tpu.ru/cgi-bin/koha/opac-detail.pl?biblionumber=659104 |
MARC
| LEADER | 00000naa0a2200000 4500 | ||
|---|---|---|---|
| 001 | 659104 | ||
| 005 | 20250305163255.0 | ||
| 035 | |a (RuTPU)RU\TPU\network\27494 | ||
| 090 | |a 659104 | ||
| 100 | |a 20190116d2018 k||y0rusy50 ca | ||
| 101 | 0 | |a rus | |
| 102 | |a RU | ||
| 135 | |a drcn ---uucaa | ||
| 181 | 0 | |a i | |
| 182 | 0 | |a b | |
| 200 | 1 | |a Дегазация угольных пластов многофункциональными разведочно-дегазационными скважинами |f Е. А. Шубина, В. Г. Лукьянов | |
| 203 | |a Текст |c электронный | ||
| 225 | 1 | |a Геотехнология и геомеханика | |
| 300 | |a Заглавие с экрана | ||
| 320 | |a [Библиогр.: 5 назв.] | ||
| 333 | |a Режим доступа: по договору с организацией-держателем ресурса | ||
| 461 | 1 | |t Вестник Российской академии естественных наук (Западно-Сибирское отделение) |f Сибирский государственный индустриальный университет (СибГИУ) |d 2008- | |
| 463 | 1 | |t № 21 |v [С. 45-49] |d 2018 | |
| 610 | 1 | |a электронный ресурс | |
| 610 | 1 | |a труды учёных ТПУ | |
| 610 | 1 | |a дегазация | |
| 610 | 1 | |a угольные пласты | |
| 610 | 1 | |a скважины | |
| 700 | 1 | |a Шубина |b Е. А. |g Елена Андреевна | |
| 701 | 1 | |a Лукьянов |b В. Г. |c горный инженер |c профессор Томского политехнического университета, доктор технических наук |f 1930- |g Виктор Григорьевич |3 (RuTPU)RU\TPU\pers\12910 | |
| 712 | 0 | 2 | |a Национальный исследовательский Томский политехнический университет |b Инженерная школа природных ресурсов |b Отделение нефтегазового дела |3 (RuTPU)RU\TPU\col\23546 |
| 801 | 2 | |a RU |b 63413507 |c 20190116 |g RCR | |
| 856 | 4 | |u https://elibrary.ru/item.asp?id=36551296 | |
| 942 | |c CF | ||